| 000 -LEADER |
| fixed length control field |
00622pam a2200181 a 4500 |
| 005 - DATE AND TIME OF LATEST TRANSACTION |
| control field |
20131016101838.0 |
| 008 - FIXED-LENGTH DATA ELEMENTS--GENERAL INFORMATION |
| fixed length control field |
950627s1996 njua b 001 0 eng |
| 020 ## - INTERNATIONAL STANDARD BOOK NUMBER |
| International Standard Book Number |
0131565060 |
| 080 ## - UNIVERSAL DECIMAL CLASSIFICATION NUMBER |
| Universal Decimal Classification number |
32 |
| 100 1# - Rafti |
| Rafti |
Wilson, Frank Lee, |
| 100 1# - Rafti |
| -- |
1941- |
| 245 10 - TITLE STATEMENT |
| Title |
Concepts and issues in comparative politics : |
| Statement of responsibility, etc |
Frank L. Wilson. |
| 260 ## - |
| -- |
Upper Saddle River, N.J. : |
| -- |
Prentice Hall, |
| -- |
c1996. |
| 300 ## - |
| -- |
xv, 222 p. : |
| -- |
ill. ; |
| -- |
23 cm. |
| 500 ## - |
| -- |
Preface : f. XIII - XV |
| 504 ## - BIBLIOGRAPHY, ETC. NOTE |
| Bibliography, etc |
Includes bibliographical references and index. |
| 650 #0 - |
| -- |
Politika dhe qeverisja |
| 942 ## - ADDED ENTRY ELEMENTS (KOHA) |
| Source of classification or shelving scheme |
|
| Item type |
Books |